[Event "Mumbai Wealth op 4th"]
[Site "Mumbai"]
[Date "2019.01.01"]
[Round "3"]
[White "Laoussing, Mathis"]
[Black "Thapa, Krishna"]
[Result "0-1"]
[WhiteElo "1438"]
[BlackElo "2024"]
[PlyCount "47"]
[EventDate "2018.12.30"]
[EventType "swiss"]
[EventRounds "9"]
[EventCountry "IND"]
[SourceTitle "CBM 188 Extra"]
[Source "ChessBase"]
[SourceDate "2019.02.26"]
[SourceVersion "1"]
[SourceVersionDate "2019.02.26"]
[SourceQuality "1"]

1. e4 c5 2. c3 Nf6 3. e5 Nd5 4. d4 e6 5. Bc4 Nb6 6. Qe2 Nxc4 7. Qxc4 b6 8. Na3 cxd4 9. Nb5 Nc6 10. cxd4 Bb4+ 11. Bd2 Bxd2+ 12. Kxd2 Qg5+ 13. Ke2 0-0 14. Nf3 Qh5 15. Nd6 b5 16. Qd3 Ba6 17. Ne4 Nb4 18. Qd2 Nd5 19. b4 Bb7 20. Nd6 Bc6 21. Rhe1 Qg4 22. Rg1 Nf4+ 23. Kf1 Bxf3 24. Ke1 0-1

[Event "Reunion op 16th"]
[Site "St Denis"]
[Date "2014.10.18"]
[Round "2"]
[White "Laoussing, Mathis"]
[Black "Etheve, Loic"]
[Result "0-1"]
[WhiteElo "1099"]
[BlackElo "1399"]
[PlyCount "108"]
[EventDate "2014.10.18"]
[EventType "swiss"]
[EventRounds "9"]
[EventCountry "RUF"]
[SourceTitle "EXT 2015"]
[Source "ChessBase"]
[SourceDate "2014.11.20"]
[SourceVersion "1"]
[SourceVersionDate "2014.11.20"]
[SourceQuality "1"]

1. e4 e6 2. d4 d5 3. e5 c5 4. Nf3 Qb6 5. Be3 Qxb2 6. Nbd2 Nc6 7. dxc5 Nxe5 8. Nxe5 Qxe5 9. Bb5+ Bd7 10. Bxd7+ Kxd7 11. 0-0 d4 12. Nc4 Qd5 13. Qxd4 Qxd4 14. Bxd4 Rc8 15. Rad1 Ke8 16. Be3 Bxc5 17. Nd6+ Bxd6 18. Rxd6 Rxc2 19. a3 Rc3 20. Bc1 Nf6 21. Rfd1 Nd5 22. Bg5 Rc8 23. h3 h6 24. Bh4 g5 25. Bg3 Ke7 26. Kh1 Rhd8 27. Rxd8 Rxd8 28. Rb1 b6 29. h4 f5 30. hxg5 hxg5 31. f4 Nxf4 32. Bxf4 gxf4 33. Rc1 b5 34. Rc7+ Rd7 35. Rc5 a6 36. Rc6 Rd6 37. Rc7+ Kf6 38. Rc8 Rd3 39. Rf8+ Ke5 40. Rc8 Rxa3 41. Rc5+ Kd4 42. Rc6 e5 43. Rd6+ Ke4 44. Kg1 f3 45. Rd1 Kf4 46. Rf1 e4 47. Kf2 Ra2+ 48. Kg1 Rxg2+ 49. Kh1 Ra2 50. Kg1 e3 51. Rd1 e2 52. Re1 Kg3 53. Rc1 f2+ 54. Kh1 f1Q+ 0-1